Statistics for Largest Territories in the World

Click here to take the quiz!

General Stats

  • This quiz has been taken 42 times
  • The average score is 5 of 9

Answer Stats

Territory of...Answer% Correct
DenmarkGreenland
100%
United StatesPuerto Rico
80%
United StatesGuam
63%
DenmarkFaroe Islands
53%
ChinaHong Kong
53%
United KingdomFalkland Islands
50%
FranceNew Caledonia
48%
United KingdomSouth Georgia and the South Sandwich Islands
25%
United KingdomTurks and Caicos Islands
20%

Score Distribution

Percentile by Number Answered

Percent of People with Each Score

Your Score History

You have not taken this quiz